| 000 | 02156cam a2200589 i 4500 | ||
|---|---|---|---|
| 001 | 22333 | ||
| 003 | KOSZ 005 | ||
| 005 | 20250812124348.0 | ||
| 008 | 250806s1983 pl a f 001 0 pol | ||
| 015 | _aUWD 1983/6794 | ||
| 020 | _a8301016264 | ||
| 035 | _a991009450959705066 | ||
| 035 | _a(PL-WaBN)b12558771-48omnis_nlop | ||
| 035 | _ab12558771 | ||
| 035 | _a(OCoLC)749823556 | ||
| 035 | _azz2005932743 | ||
| 035 | _a(PL)b0000001255877 | ||
| 035 | _a(EXLNZ-48OMNIS_NETWORK)9910214594305606 | ||
| 040 |
_aWA N _cWA N _dKOSZ 005/RW |
||
| 041 | 1 |
_apol _heng |
|
| 046 | _k1965 | ||
| 080 | _a519.6 | ||
| 080 | _a(07) | ||
| 100 | 1 |
_aRalston, Anthony _eAutor |
|
| 245 | 1 | 0 |
_aWstęp do analizy numerycznej / _cAnthony Ralston ; z angielskiego tłumaczył Roman Zuber; wydanie polskie opracował Stefan Paszkowski. |
| 246 | 1 |
_iTytuł oryginału: _aFirst course in numerical analysis, _f1965 |
|
| 250 | _aWydanie 3. | ||
| 260 |
_aWarszawa : _bPaństwowe Wydawnictwo Naukowe, _c1983. |
||
| 300 |
_a536 stron : _bwykresy ; _c24 cm. |
||
| 336 |
_aTekst _btxt _2rdacontent |
||
| 337 |
_aBez urządzenia pośredniczącego _bn _2rdamedia |
||
| 338 |
_aWolumin _bnc _2rdacarrier |
||
| 380 | _aKsiążki | ||
| 380 | _aPublikacje dydaktyczne | ||
| 380 | _aPublikacje naukowe | ||
| 385 |
_mPoziom nauczania _aSzkoły wyższe |
||
| 388 | 1 | _a1901-2000 | |
| 388 | 1 | _a1945-1989 | |
| 500 | _aTytuł oryginału: A first course in numerical analysis, 1965. | ||
| 504 | _aBibliografia przy rozdziałach. Indeks. | ||
| 521 | 8 | _aKsiążka przeznaczona jest dla studentów matematyki oraz szerokiego kręgu czytelników zainteresowanych analizą numeryczną. | |
| 650 | 7 |
_aAnaliza numeryczna _2DBN |
|
| 655 | 7 |
_aPodręcznik _2DBN |
|
| 658 | _aMatematyka | ||
| 658 | _aNauka i badania | ||
| 700 | 1 |
_aPaszkowski, Stefan _eOpracowanie |
|
| 700 | 1 |
_aZuber, Roman _c(matematyk) _eTłumaczenie |
|
| 710 | 2 |
_aPaństwowe Wydawnictwo Naukowe _4pbl |
|
| 856 |
_uhttps://koha.tu.koszalin.pl/cgi-bin/koha/opac-detail.pl?biblionumber=22333 _yKatalog online BPK |
||
| 942 |
_2UKD _cKS |
||
| 999 |
_c22333 _d22333 |
||